| 000 | 00733nam a2200241Ia 4500 | ||
|---|---|---|---|
| 003 | OSt | ||
| 005 | 20220923224455.0 | ||
| 006 | a|||||r|||| 00| 0 | ||
| 007 | ta | ||
| 008 | 220922b |||||||| |||| 00| 0 hin d | ||
| 024 | _a235,028 | ||
| 037 | _cTextual | ||
| 040 |
_aARTS _cARTS _bhin |
||
| 041 |
_2hin _ahin |
||
| 082 | _aR39(Y), 152N8 | ||
| 100 | _aईश्वर सिंह 'शिक्षक' | ||
| 245 | 0 | _aजीवन नावरि | |
| 246 | _aJīvan nāvari | ||
| 260 |
_aदिल्ली _b मानिनृ प्रकाशन _c1998 |
||
| 300 |
_a294पृ. _ccm. |
||
| 942 |
_hR39(Y), 152N8 _cTEXL _2CC |
||
| 999 |
_c371683 _d371683 |
||